Fractions, decimals, & percents : math strategy guide. Guide 2,

Bibliografiska uppgifter
Materialtyp: Bok
Språk:English
Publicerad: New York, N.Y. : MG Prep Inc., 2008.
Upplaga:Third edition.
Serie:GMAT strategy guide; 2
8 guide instructional series.
Ämnen:
Classic Catalogue: View this record in Classic Catalogue
LEADER 01560nam a2200349 a 4500
001 ocn276407664
003 BD-DhAAL
005 20250618115112.0
008 090819s2008 nyua 000 0 eng d
020 |a 9780981853321 
020 |a 0981853323 
040 |a DPL  |c DPL  |d BTCTA  |d BD-DhAAL 
082 0 4 |a 650/.076  |2 22 
245 1 0 |a  Fractions, decimals, & percents :  |n Guide 2,  |b math strategy guide.  
246 3 0 |a GMAT Strategy guide. 
250 |a Third edition. 
260 |a New York, N.Y. :  |b MG Prep Inc.,  |c 2008. 
300 |a 103 pages :  |b illustrations ;  |c 28 cm. 
490 0 |a GMAT strategy guide;  |v 2  
490 0 |a 8 guide instructional series. 
500 |a "Manhattan GMAT."--Cover  
526 |x Mohammad Zakir Hossain Sharkar Senior Lecturer BRAC Business School Course name and No. : N/A 
541 1 |a Tain Book Depot  |e 00018010 
650 0 |a Graduate Management Admission Test  |v Study guides.  |9 57809 
650 0 |a Mathematics  |x Examinations, questions, etc.  |9 58420 
650 0 |a Fractions  |v Examinations, questions, etc.   |9 58483 
650 0 |a Percentages  |v Examinations, questions, etc.   |9 58484 
650 0 |a Fractions  |v Examinations, questions, etc.   |9 58483 
852 4 |a Ayesha Abed Library  |j General shelf  
942 |2 ddc  |c BK 
999 |c 3039  |d 3039 
952 |0 0  |1 0  |2 ddc  |4 0  |6 650_076000000000000_FRA  |7 0  |9 2753  |a BRACUL  |b BRACUL  |c GEN  |d 2009-08-27  |e Tain Book Depot  |g 1964.00  |l 10  |m 58  |o 650.076 FRA  |p 3010018010  |r 2017-09-21  |s 2017-02-08  |t 1  |w 2009-08-27  |y BK  |x Requisitioned by Md. Zakir hossain Sharkar, Sr. Lecturer, BBS. Course name and no. "not available"